LIBRARY & INFORMATION CENTRE, KCAET, TAVANUR

ONLINE PUBLIC ACCESS CATALOGUE (OPAC)

Da Vinci Code / (Record no. 13566)

MARC details
000 -LEADER
fixed length control field 00355cam a2200145ua 4500
041 ## - LANGUAGE CODE
Language code of text/sound track or separate title mal
082 ## - DEWEY DECIMAL CLASSIFICATION NUMBER
Classification number 894.812 308
Item number BRO/DA
100 ## - MAIN ENTRY--AUTHOR NAME
Personal name Brown, Dan .
245 ## - TITLE STATEMENT
Title Da Vinci Code /
260 ## - PUBLICATION, DISTRIBUTION, ETC. (IMPRINT)
Place of publication Kottayam :
Name of publisher D C Books ,
Year of publication 1962.
300 ## - PHYSICAL DESCRIPTION
Number of Pages 431 ; .
700 1# - ADDED ENTRY--PERSONAL NAME
Personal name Jomi, Thomas .
Holdings
Withdrawn status Lost status Damaged status Collection code Home library Current library Shelving location Date acquired Full call number Accession Number Koha item type
      Fiction KAUAET KAUAET Fiction 03/05/2012 894.812 308 BRO/DA 21559 Books
free website counter